000 003410000a22001450004500
005 20120302064728.0
942 _cBOOK
100 _a Pingle,Ramchandra Vinayak
245 _a Shri gayatri mantra va tyache mahattva
260 _aPune:Anmol prakashan,1995.
300 _a24p.
040 _aMar
365 _b4/-
650 _aGayatri Mantra
999 _c362911
_d362908